[Event "April 9 Late 2024"]
[Site "Chess.com"]
[Date "2024.04.09"]
[Round "2"]
[White "Schut, Han"]
[Black "Slovineanu, Viacheslav"]
[Result "0-1"]
[Board "155"]
[WhiteFideId "1005561"]
[BlackFideId "13900510"]
[WhiteTitle "CM"]
[BlackTitle "IM"]
[WhiteElo "2269"]
[BlackElo "2491"]
[WhiteTeam "NED"]
[BlackTeam "MDA"]
[WhiteClock "0:00:06"]
[BlackClock "0:00:17"]
[Variant "Standard"]

1. e4 {[%clk 0:03:00]}  c6 {[%clk 0:02:59]} 2. d4 {[%clk 0:03:00]}  d5 {[%clk 0:03:00]} 3. e5 {[%clk 0:03:01]}  Bf5 {[%clk 0:03:00]} 4. h4 {[%clk 0:03:01]}  h5 {[%clk 0:02:59]} 5. Bg5 {[%clk 0:03:02]}  Qb6 {[%clk 0:02:58]} 6. Bd3 {[%clk 0:03:02]}  Qxd4 {[%clk 0:02:58]} 7. Nf3 {[%clk 0:02:57]}  Qg4 {[%clk 0:02:58]} 8. Bxf5 {[%clk 0:02:57]}  Qxf5 {[%clk 0:02:58]} 9. O-O {[%clk 0:02:57]}  e6 {[%clk 0:02:57]} 10. c4 {[%clk 0:02:56]}  Nd7 {[%clk 0:02:46]} 11. Nc3 {[%clk 0:02:47]}  Be7 {[%clk 0:01:56]} 12. cxd5 {[%clk 0:02:43]}  exd5 {[%clk 0:01:52]} 13. Re1 {[%clk 0:02:34]}  Nf8 {[%clk 0:01:41]} 14. Nd4 {[%clk 0:02:08]}  Qd7 {[%clk 0:01:40]} 15. f4 {[%clk 0:01:47]}  Bxg5 {[%clk 0:01:32]} 16. hxg5 {[%clk 0:01:46]}  Ne7 {[%clk 0:01:29]} 17. Qd3 {[%clk 0:01:20]}  Ne6 {[%clk 0:01:24]} 18. Nf5 {[%clk 0:00:47]}  Nxf4 {[%clk 0:01:05]} 19. Nxg7+ {[%clk 0:00:40]}  Kf8 {[%clk 0:01:05]} 20. Qf3 {[%clk 0:00:41]}  Qg4 {[%clk 0:00:58]} 21. Rf1 {[%clk 0:00:27]}  Qxf3 {[%clk 0:00:55]} 22. Rxf3 {[%clk 0:00:27]}  Neg6 {[%clk 0:00:48]} 23. Nf5 {[%clk 0:00:27]}  h4 {[%clk 0:00:43]} 24. Raf1 {[%clk 0:00:26]}  Ne6 {[%clk 0:00:37]} 25. Nd6 {[%clk 0:00:25]}  Nxe5 {[%clk 0:00:37]} 26. Nxf7 {[%clk 0:00:24]}  Nxf3+ {[%clk 0:00:36]} 27. Rxf3 {[%clk 0:00:25]}  Kg7 {[%clk 0:00:35]} 28. Nxh8 {[%clk 0:00:25]}  Rxh8 {[%clk 0:00:34]} 29. Re3 {[%clk 0:00:19]}  Re8 {[%clk 0:00:27]} 30. Ne2 {[%clk 0:00:19]}  Nc7 {[%clk 0:00:23]} 31. Rxe8 {[%clk 0:00:15]}  Nxe8 {[%clk 0:00:23]} 32. Nf4 {[%clk 0:00:15]}  Nd6 {[%clk 0:00:20]} 33. Kh2 {[%clk 0:00:14]}  Ne4 {[%clk 0:00:20]} 34. Kh3 {[%clk 0:00:13]}  Nxg5+ {[%clk 0:00:20]} 35. Kxh4 {[%clk 0:00:13]}  Kf6 {[%clk 0:00:19]} 36. Nh5+ {[%clk 0:00:13]}  Kg6 {[%clk 0:00:19]} 37. Nf4+ {[%clk 0:00:13]}  Kf5 {[%clk 0:00:19]} 38. Nh5 {[%clk 0:00:11]}  Ne4 {[%clk 0:00:19]} 39. g4+ {[%clk 0:00:11]}  Kg6 {[%clk 0:00:19]} 40. Nf4+ {[%clk 0:00:11]}  Kf6 {[%clk 0:00:18]} 41. Nh5+ {[%clk 0:00:09]}  Kf7 {[%clk 0:00:17]} 42. g5 {[%clk 0:00:10]}  Kg6 {[%clk 0:00:16]} 43. Nf4+ {[%clk 0:00:10]}  Kf5 {[%clk 0:00:16]} 44. g6 {[%clk 0:00:10]}  Kxf4 {[%clk 0:00:16]} 45. g7 {[%clk 0:00:09]}  Nf6 {[%clk 0:00:17]} 46. b3 {[%clk 0:00:08]}  d4 {[%clk 0:00:17]} 47. Kh3 {[%clk 0:00:06]}  d3 {[%clk 0:00:17]} 0-1

[Event "April 9 Late 2024"]
[Site "Chess.com"]
[Date "2024.04.09"]
[Round "2"]
[White "Gutierrez Olivares, Daniel"]
[Black "Pranav Sairam"]
[Result "1-0"]
[Board "157"]
[WhiteFideId "2264005"]
[BlackFideId "30951330"]
[WhiteTitle "FM"]
[WhiteElo "2489"]
[BlackElo "2264"]
[WhiteTeam "ESP"]
[BlackTeam "USA"]
[WhiteClock "0:01:59"]
[BlackClock "0:00:00"]
[Variant "Standard"]

1. Nf3 {[%clk 0:03:00]}  d5 {[%clk 0:02:59]} 2. g3 {[%clk 0:03:00]}  Nf6 {[%clk 0:02:58]} 3. Bg2 {[%clk 0:03:01]}  e6 {[%clk 0:02:57]} 4. d3 {[%clk 0:03:00]}  Be7 {[%clk 0:02:58]} 5. Nbd2 {[%clk 0:03:01]}  O-O {[%clk 0:02:58]} 6. e4 {[%clk 0:03:02]}  Nc6 {[%clk 0:02:57]} 7. O-O {[%clk 0:03:02]}  dxe4 {[%clk 0:02:58]} 8. dxe4 {[%clk 0:02:57]}  e5 {[%clk 0:02:58]} 9. c3 {[%clk 0:02:55]}  h6 {[%clk 0:02:58]} 10. Qc2 {[%clk 0:02:55]}  Be6 {[%clk 0:02:58]} 11. Rd1 {[%clk 0:02:54]}  Qb8 {[%clk 0:02:47]} 12. Nf1 {[%clk 0:02:54]}  Bc5 {[%clk 0:02:45]} 13. Ne3 {[%clk 0:02:52]}  a5 {[%clk 0:02:42]} 14. Nh4 {[%clk 0:02:51]}  Qa7 {[%clk 0:02:39]} 15. Nd5 {[%clk 0:02:45]}  Ng4 {[%clk 0:02:03]} 16. Rf1 {[%clk 0:02:44]}  g5 {[%clk 0:01:22]} 17. Nf5 {[%clk 0:02:42]}  Bxd5 {[%clk 0:01:03]} 18. exd5 {[%clk 0:02:39]}  Ne7 {[%clk 0:01:03]} 19. Nxh6+ {[%clk 0:02:30]}  Nxh6 {[%clk 0:01:03]} 20. Bxg5 {[%clk 0:02:30]}  Ng4 {[%clk 0:00:53]} 21. Bf3 {[%clk 0:02:17]}  f6 {[%clk 0:00:47]} 22. Bc1 {[%clk 0:02:12]}  Nxf2 {[%clk 0:00:39]} 23. Rxf2 {[%clk 0:02:12]}  f5 {[%clk 0:00:30]} 24. Bg5 {[%clk 0:02:04]}  Ng6 {[%clk 0:00:21]} 25. Bh5 {[%clk 0:02:04]}  Kg7 {[%clk 0:00:16]} 26. Rf1 {[%clk 0:02:00]}  Bxf2+ {[%clk 0:00:12]} 27. Rxf2 {[%clk 0:02:01]}  e4 {[%clk 0:00:06]} 28. Qd2 {[%clk 0:02:01]}  Rh8 {[%clk 0:00:02]} 29. Be3 {[%clk 0:01:59]}  b6 {[%clk 0:00:02]} 30. Bd4+ {[%clk 0:01:59]}  Kf7 {[%clk 0:00:00]} 31. Rxf5+ {[%clk 0:01:59]} 1-0

[Event "April 9 Late 2024"]
[Site "Chess.com"]
[Date "2024.04.09"]
[Round "2"]
[White "Yang, Kevin"]
[Black "Marina Kaydanovich"]
[Result "1/2-1/2"]
[Board "159"]
[WhiteFideId "30908485"]
[BlackFideId "4134877"]
[BlackTitle "WIM"]
[WhiteElo "2486"]
[BlackElo "2256"]
[WhiteTeam "USA"]
[BlackTeam "RUS"]
[WhiteClock "0:01:10"]
[BlackClock "0:01:52"]
[Variant "Standard"]

1. d4 {[%clk 0:03:00]}  d5 {[%clk 0:02:59]} 2. c4 {[%clk 0:02:59]}  e6 {[%clk 0:02:59]} 3. Nc3 {[%clk 0:02:58]}  Nf6 {[%clk 0:02:58]} 4. cxd5 {[%clk 0:02:58]}  exd5 {[%clk 0:02:59]} 5. Bg5 {[%clk 0:02:46]}  Be7 {[%clk 0:02:56]} 6. Qc2 {[%clk 0:02:45]}  c6 {[%clk 0:02:45]} 7. e3 {[%clk 0:02:35]}  Nbd7 {[%clk 0:02:43]} 8. Nf3 {[%clk 0:02:15]}  O-O {[%clk 0:02:41]} 9. Bd3 {[%clk 0:02:14]}  Re8 {[%clk 0:02:40]} 10. O-O {[%clk 0:02:13]}  Nf8 {[%clk 0:02:38]} 11. Bf4 {[%clk 0:02:12]}  Nh5 {[%clk 0:02:30]} 12. Be5 {[%clk 0:02:10]}  f6 {[%clk 0:02:27]} 13. Bg3 {[%clk 0:01:59]}  Nxg3 {[%clk 0:02:26]} 14. hxg3 {[%clk 0:02:00]}  Bd6 {[%clk 0:02:23]} 15. Rab1 {[%clk 0:01:59]}  a5 {[%clk 0:02:21]} 16. a3 {[%clk 0:01:58]}  Qe7 {[%clk 0:02:19]} 17. Na4 {[%clk 0:01:54]}  Bg4 {[%clk 0:02:12]} 18. Rfc1 {[%clk 0:01:25]}  Rac8 {[%clk 0:02:06]} 19. Nd2 {[%clk 0:01:21]}  Bxg3 {[%clk 0:01:57]} 20. fxg3 {[%clk 0:01:14]}  Qxe3+ {[%clk 0:01:56]} 21. Kh2 {[%clk 0:01:14]}  Qh6+ {[%clk 0:01:52]} 22. Kg1 {[%clk 0:01:14]}  Qe3+ {[%clk 0:01:52]} 23. Kh2 {[%clk 0:01:11]}  Qh6+ {[%clk 0:01:52]} 24. Kg1 {[%clk 0:01:10]}  Qe3+ {[%clk 0:01:52]} 1/2-1/2

[Event "April 9 Late 2024"]
[Site "Chess.com"]
[Date "2024.04.09"]
[Round "2"]
[White "Mizzi, Jack"]
[Black "Narva, Triin"]
[Result "0-1"]
[Board "160"]
[WhiteFideId "5602521"]
[BlackFideId "4502680"]
[WhiteTitle "CM"]
[BlackTitle "WFM"]
[WhiteElo "2485"]
[BlackElo "2256"]
[WhiteTeam "MLT"]
[BlackTeam "EST"]
[WhiteClock "0:00:00"]
[BlackClock "0:00:07"]
[Variant "Standard"]

1. d4 {[%clk 0:03:00]}  d5 {[%clk 0:02:51]} 2. c4 {[%clk 0:03:00]}  dxc4 {[%clk 0:02:44]} 3. e3 {[%clk 0:02:59]}  Nc6 {[%clk 0:02:43]} 4. Bxc4 {[%clk 0:02:59]}  e5 {[%clk 0:02:38]} 5. Nf3 {[%clk 0:02:55]}  Bg4 {[%clk 0:02:22]} 6. h3 {[%clk 0:02:49]}  Bh5 {[%clk 0:02:13]} 7. g4 {[%clk 0:02:38]}  Bg6 {[%clk 0:02:13]} 8. d5 {[%clk 0:02:38]}  e4 {[%clk 0:02:06]} 9. dxc6 {[%clk 0:02:33]}  Qxd1+ {[%clk 0:02:05]} 10. Kxd1 {[%clk 0:02:33]}  exf3 {[%clk 0:02:00]} 11. cxb7 {[%clk 0:02:32]}  Rd8+ {[%clk 0:01:54]} 12. Bd2 {[%clk 0:02:23]}  Be4 {[%clk 0:01:54]} 13. Nc3 {[%clk 0:02:16]}  Bxb7 {[%clk 0:01:53]} 14. Kc2 {[%clk 0:02:14]}  Bb4 {[%clk 0:01:44]} 15. Rad1 {[%clk 0:02:12]}  Nf6 {[%clk 0:01:31]} 16. Nb5 {[%clk 0:01:59]}  Be4+ {[%clk 0:01:27]} 17. Kb3 {[%clk 0:01:58]}  Bxd2 {[%clk 0:01:24]} 18. Nxc7+ {[%clk 0:01:49]}  Ke7 {[%clk 0:00:59]} 19. a3 {[%clk 0:01:41]}  Ba5 {[%clk 0:00:54]} 20. Nb5 {[%clk 0:01:36]}  Bb6 {[%clk 0:00:30]} 21. Nc3 {[%clk 0:01:27]}  Bc6 {[%clk 0:00:25]} 22. Rhf1 {[%clk 0:01:15]}  Rxd1 {[%clk 0:00:23]} 23. Rxd1 {[%clk 0:01:05]}  Ne4 {[%clk 0:00:18]} 24. Nd5+ {[%clk 0:01:05]}  Bxd5 {[%clk 0:00:18]} 25. Bxd5 {[%clk 0:01:06]}  Nxf2 {[%clk 0:00:17]} 26. Rf1 {[%clk 0:01:05]}  Nxh3 {[%clk 0:00:15]} 27. Rxf3 {[%clk 0:01:04]}  Ng5 {[%clk 0:00:15]} 28. Rf5 {[%clk 0:00:59]}  f6 {[%clk 0:00:15]} 29. Rf1 {[%clk 0:00:56]}  Rd8 {[%clk 0:00:15]} 30. e4 {[%clk 0:00:53]}  Bd4 {[%clk 0:00:15]} 31. Ka2 {[%clk 0:00:50]}  Rc8 {[%clk 0:00:11]} 32. Rd1 {[%clk 0:00:45]}  Be5 {[%clk 0:00:10]} 33. Bb3 {[%clk 0:00:42]}  Nf3 {[%clk 0:00:09]} 34. Ba4 {[%clk 0:00:34]}  Nd4 {[%clk 0:00:09]} 35. Rh1 {[%clk 0:00:32]}  h6 {[%clk 0:00:09]} 36. b4 {[%clk 0:00:23]}  Rc3 {[%clk 0:00:08]} 37. Rd1 {[%clk 0:00:13]}  Re3 {[%clk 0:00:08]} 38. Rc1 {[%clk 0:00:11]}  Re2+ {[%clk 0:00:07]} 39. Kb1 {[%clk 0:00:11]}  Rxe4 {[%clk 0:00:06]} 40. Rc8 {[%clk 0:00:10]}  Re1+ {[%clk 0:00:05]} 41. Kb2 {[%clk 0:00:10]}  Ne6+ {[%clk 0:00:04]} 42. Kc2 {[%clk 0:00:08]}  Re3 {[%clk 0:00:03]} 43. Ra8 {[%clk 0:00:05]}  Bd4 {[%clk 0:00:03]} 44. Rb8 {[%clk 0:00:04]}  Rxa3 {[%clk 0:00:03]} 45. Rb7+ {[%clk 0:00:04]}  Kd6 {[%clk 0:00:03]} 46. Bb3 {[%clk 0:00:05]}  Be5 {[%clk 0:00:01]} 47. Rb8 {[%clk 0:00:04]}  Ra1 {[%clk 0:00:01]} 48. Re8 {[%clk 0:00:03]}  Rf1 {[%clk 0:00:02]} 49. Rxe6+ {[%clk 0:00:03]}  Kd7 {[%clk 0:00:02]} 50. Bc4 {[%clk 0:00:03]}  Rf2+ {[%clk 0:00:02]} 51. Kd1 {[%clk 0:00:03]}  Rf4 {[%clk 0:00:03]} 52. Ra6 {[%clk 0:00:03]}  Rxc4 {[%clk 0:00:03]} 53. Rxa7+ {[%clk 0:00:03]}  Ke6 {[%clk 0:00:03]} 54. Rxg7 {[%clk 0:00:04]}  Rxb4 {[%clk 0:00:03]} 55. Ke2 {[%clk 0:00:04]}  Bf4 {[%clk 0:00:04]} 56. Kf3 {[%clk 0:00:04]}  Bg5 {[%clk 0:00:04]} 57. Rg8 {[%clk 0:00:04]}  Rf4+ {[%clk 0:00:04]} 58. Kg3 {[%clk 0:00:04]}  Rb4 {[%clk 0:00:05]} 59. Re8+ {[%clk 0:00:04]}  Kf7 {[%clk 0:00:05]} 60. Rc8 {[%clk 0:00:04]}  Rb3+ {[%clk 0:00:05]} 61. Kg2 {[%clk 0:00:04]}  Ke6 {[%clk 0:00:05]} 62. Re8+ {[%clk 0:00:03]}  Kd5 {[%clk 0:00:05]} 63. Kh2 {[%clk 0:00:03]}  Rb2+ {[%clk 0:00:04]} 64. Kg3 {[%clk 0:00:03]}  Rb3+ {[%clk 0:00:05]} 65. Kg2 {[%clk 0:00:03]}  Rb4 {[%clk 0:00:05]} 66. Kg3 {[%clk 0:00:03]}  Re4 {[%clk 0:00:05]} 67. Rd8+ {[%clk 0:00:03]}  Kc4 {[%clk 0:00:05]} 68. Rc8+ {[%clk 0:00:04]}  Kd3 {[%clk 0:00:06]} 69. Rd8+ {[%clk 0:00:04]}  Rd4 {[%clk 0:00:06]} 70. Re8 {[%clk 0:00:04]}  Re4 {[%clk 0:00:06]} 71. Rd8+ {[%clk 0:00:04]}  Ke3 {[%clk 0:00:06]} 72. Ra8 {[%clk 0:00:02]}  Bf4+ {[%clk 0:00:07]} 73. Kh3 {[%clk 0:00:02]}  Be5 {[%clk 0:00:07]} 74. Ra3+ {[%clk 0:00:02]}  Kf4 {[%clk 0:00:07]} 75. Ra2 {[%clk 0:00:01]}  Re3+ {[%clk 0:00:07]} 76. Kh4 {[%clk 0:00:02]}  Re1 {[%clk 0:00:07]} 77. Rf2+ {[%clk 0:00:00]}  Ke3 {[%clk 0:00:07]} 0-1

[Event "April 9 Late 2024"]
[Site "Chess.com"]
[Date "2024.04.09"]
[Round "2"]
[White "Golubenko, Valentina"]
[Black "Mei, Austin"]
[Result "0-1"]
[Board "161"]
[WhiteFideId "4501993"]
[BlackFideId "30948479"]
[WhiteTitle "WGM"]
[BlackTitle "FM"]
[WhiteElo "2253"]
[BlackElo "2485"]
[WhiteTeam "CRO"]
[BlackTeam "USA"]
[WhiteClock "0:00:14"]
[BlackClock "0:01:16"]
[Variant "Standard"]

1. d4 {[%clk 0:03:00]}  Nf6 {[%clk 0:02:58]} 2. Nf3 {[%clk 0:03:00]}  g6 {[%clk 0:02:57]} 3. c4 {[%clk 0:02:59]}  Bg7 {[%clk 0:02:58]} 4. Nc3 {[%clk 0:03:00]}  O-O {[%clk 0:02:58]} 5. e4 {[%clk 0:03:00]}  d6 {[%clk 0:02:58]} 6. Be2 {[%clk 0:03:01]}  e5 {[%clk 0:02:57]} 7. O-O {[%clk 0:03:00]}  Nc6 {[%clk 0:02:58]} 8. d5 {[%clk 0:02:59]}  Ne7 {[%clk 0:02:58]} 9. b4 {[%clk 0:02:58]}  Nd7 {[%clk 0:02:59]} 10. Rb1 {[%clk 0:02:55]}  f5 {[%clk 0:02:58]} 11. Ng5 {[%clk 0:02:53]}  Nf6 {[%clk 0:02:57]} 12. c5 {[%clk 0:02:53]}  h6 {[%clk 0:02:51]} 13. Ne6 {[%clk 0:02:51]}  Bxe6 {[%clk 0:02:51]} 14. dxe6 {[%clk 0:02:52]}  fxe4 {[%clk 0:02:51]} 15. cxd6 {[%clk 0:02:51]}  cxd6 {[%clk 0:02:52]} 16. Qb3 {[%clk 0:02:27]}  d5 {[%clk 0:02:47]} 17. Rd1 {[%clk 0:02:27]}  d4 {[%clk 0:02:34]} 18. Bc4 {[%clk 0:02:16]}  Kh7 {[%clk 0:02:31]} 19. Ne2 {[%clk 0:02:08]}  Rc8 {[%clk 0:02:29]} 20. b5 {[%clk 0:02:05]}  Qc7 {[%clk 0:02:19]} 21. Ba3 {[%clk 0:02:01]}  Qxc4 {[%clk 0:02:08]} 22. Bxe7 {[%clk 0:01:35]}  Rfe8 {[%clk 0:01:53]} 23. Bxf6 {[%clk 0:01:16]}  Bxf6 {[%clk 0:01:53]} 24. Ng3 {[%clk 0:01:15]}  Qxb3 {[%clk 0:01:42]} 25. Rxb3 {[%clk 0:01:15]}  e3 {[%clk 0:01:38]} 26. fxe3 {[%clk 0:01:11]}  Rxe6 {[%clk 0:01:38]} 27. Ne4 {[%clk 0:01:06]}  Be7 {[%clk 0:01:34]} 28. exd4 {[%clk 0:00:51]}  exd4 {[%clk 0:01:32]} 29. Rxd4 {[%clk 0:00:50]}  Rc2 {[%clk 0:01:31]} 30. a4 {[%clk 0:00:40]}  Bc5 {[%clk 0:01:26]} 31. Rd3 {[%clk 0:00:14]}  Rxe4 {[%clk 0:01:16]} 0-1

[Event "April 9 Late 2024"]
[Site "Chess.com"]
[Date "2024.04.09"]
[Round "2"]
[White "Pourkashiyan, Atousa"]
[Black "Jimenez Fernandez, Rebeca"]
[Result "1-0"]
[Board "164"]
[WhiteFideId "12502014"]
[BlackFideId "32070934"]
[WhiteTitle "WGM"]
[BlackTitle "WFM"]
[WhiteElo "2471"]
[BlackElo "2239"]
[WhiteTeam "USA"]
[BlackTeam "ESP"]
[WhiteClock "0:00:03"]
[BlackClock "0:00:00"]
[Variant "Standard"]

1. Nf3 {[%clk 0:02:45]}  d5 {[%clk 0:02:59]} 2. g3 {[%clk 0:02:44]}  Nf6 {[%clk 0:02:58]} 3. Bg2 {[%clk 0:02:45]}  e6 {[%clk 0:02:58]} 4. O-O {[%clk 0:02:44]}  Be7 {[%clk 0:02:59]} 5. b3 {[%clk 0:02:41]}  O-O {[%clk 0:02:59]} 6. Bb2 {[%clk 0:02:41]}  c6 {[%clk 0:03:00]} 7. c4 {[%clk 0:02:41]}  c5 {[%clk 0:02:57]} 8. cxd5 {[%clk 0:02:40]}  exd5 {[%clk 0:02:57]} 9. d4 {[%clk 0:02:40]}  b6 {[%clk 0:02:56]} 10. Nc3 {[%clk 0:02:31]}  Bb7 {[%clk 0:02:56]} 11. Ne5 {[%clk 0:02:29]}  cxd4 {[%clk 0:02:38]} 12. Qxd4 {[%clk 0:02:12]}  Bc5 {[%clk 0:02:38]} 13. Qh4 {[%clk 0:02:05]}  Qe7 {[%clk 0:02:32]} 14. Ng4 {[%clk 0:01:45]}  Nxg4 {[%clk 0:02:17]} 15. Qxg4 {[%clk 0:01:45]}  d4 {[%clk 0:02:12]} 16. Bxb7 {[%clk 0:01:26]}  Qxb7 {[%clk 0:01:52]} 17. Nb5 {[%clk 0:01:24]}  Nc6 {[%clk 0:01:21]} 18. Nxd4 {[%clk 0:00:59]}  Nxd4 {[%clk 0:01:21]} 19. Bxd4 {[%clk 0:00:58]}  Bxd4 {[%clk 0:01:22]} 20. Qxd4 {[%clk 0:00:58]}  Rad8 {[%clk 0:01:22]} 21. Qf4 {[%clk 0:00:48]}  Rfe8 {[%clk 0:01:20]} 22. Rfe1 {[%clk 0:00:36]}  Qa6 {[%clk 0:01:17]} 23. Kf1 {[%clk 0:00:21]}  h6 {[%clk 0:01:10]} 24. a4 {[%clk 0:00:19]}  Re6 {[%clk 0:01:04]} 25. Qf3 {[%clk 0:00:16]}  Rde8 {[%clk 0:00:56]} 26. Rad1 {[%clk 0:00:13]}  Rf6 {[%clk 0:00:52]} 27. Qd3 {[%clk 0:00:13]}  Qb7 {[%clk 0:00:52]} 28. Kg1 {[%clk 0:00:13]}  h5 {[%clk 0:00:48]} 29. Qd7 {[%clk 0:00:12]}  Qe4 {[%clk 0:00:48]} 30. Qd3 {[%clk 0:00:10]}  Qe5 {[%clk 0:00:46]} 31. h4 {[%clk 0:00:10]}  Qc5 {[%clk 0:00:42]} 32. Qd4 {[%clk 0:00:08]}  Qf5 {[%clk 0:00:41]} 33. e4 {[%clk 0:00:07]}  Qf3 {[%clk 0:00:26]} 34. Qe3 {[%clk 0:00:05]}  Qg4 {[%clk 0:00:24]} 35. e5 {[%clk 0:00:06]}  Rg6 {[%clk 0:00:24]} 36. Rd4 {[%clk 0:00:05]}  Qe6 {[%clk 0:00:22]} 37. Qe2 {[%clk 0:00:05]}  Qxb3 {[%clk 0:00:20]} 38. Qxh5 {[%clk 0:00:05]}  Qc3 {[%clk 0:00:04]} 39. Rde4 {[%clk 0:00:04]}  Rd8 {[%clk 0:00:02]} 40. R1e3 {[%clk 0:00:02]}  Qc1+ {[%clk 0:00:01]} 41. Kg2 {[%clk 0:00:01]}  Rd1 {[%clk 0:00:01]} 42. Qe2 {[%clk 0:00:01]}  Rg1+ {[%clk 0:00:01]} 43. Kf3 {[%clk 0:00:02]}  Rf6+ {[%clk 0:00:00]} 44. Rf4 {[%clk 0:00:03]} 1-0

[Event "April 9 Late 2024"]
[Site "Chess.com"]
[Date "2024.04.09"]
[Round "2"]
[White "Belmonte, Diego Mariano"]
[Black "Yushko, Olga"]
[Result "1-0"]
[Board "165"]
[WhiteFideId "105856"]
[BlackFideId "14114500"]
[WhiteTitle "FM"]
[BlackTitle "WFM"]
[WhiteElo "2470"]
[BlackElo "2239"]
[WhiteTeam "ARG"]
[BlackTeam "UKR"]
[WhiteClock "0:00:02"]
[BlackClock "0:00:00"]
[Variant "Standard"]

1. d4 {[%clk 0:03:00]}  e6 {[%clk 0:02:59]} 2. Nf3 {[%clk 0:02:53]}  Nf6 {[%clk 0:02:59]} 3. Bg5 {[%clk 0:02:51]}  d5 {[%clk 0:02:59]} 4. Nbd2 {[%clk 0:02:50]}  Nbd7 {[%clk 0:02:54]} 5. e3 {[%clk 0:02:51]}  c5 {[%clk 0:02:54]} 6. c3 {[%clk 0:02:49]}  Bd6 {[%clk 0:02:53]} 7. Bd3 {[%clk 0:02:49]}  O-O {[%clk 0:02:52]} 8. O-O {[%clk 0:02:48]}  h6 {[%clk 0:02:51]} 9. Bh4 {[%clk 0:02:47]}  Qb6 {[%clk 0:02:46]} 10. Rb1 {[%clk 0:02:34]}  Re8 {[%clk 0:02:42]} 11. e4 {[%clk 0:01:59]}  dxe4 {[%clk 0:02:25]} 12. Nxe4 {[%clk 0:01:57]}  Nxe4 {[%clk 0:02:23]} 13. Bxe4 {[%clk 0:01:57]}  cxd4 {[%clk 0:02:19]} 14. cxd4 {[%clk 0:01:55]}  Be7 {[%clk 0:02:17]} 15. Bxe7 {[%clk 0:01:39]}  Rxe7 {[%clk 0:02:18]} 16. Bc2 {[%clk 0:01:38]}  Nf6 {[%clk 0:02:14]} 17. Qd3 {[%clk 0:01:38]}  Bd7 {[%clk 0:02:13]} 18. Ne5 {[%clk 0:01:39]}  Bb5 {[%clk 0:02:11]} 19. Nc4 {[%clk 0:01:23]}  Qc6 {[%clk 0:02:07]} 20. b3 {[%clk 0:01:20]}  Rc8 {[%clk 0:02:05]} 21. Rbc1 {[%clk 0:01:16]}  Kf8 {[%clk 0:01:48]} 22. Bb1 {[%clk 0:01:14]}  Qd5 {[%clk 0:01:38]} 23. Rfd1 {[%clk 0:01:00]}  Bc6 {[%clk 0:01:30]} 24. Ne3 {[%clk 0:00:57]}  Qg5 {[%clk 0:01:27]} 25. Rc5 {[%clk 0:00:51]}  Nd5 {[%clk 0:01:23]} 26. Qh7 {[%clk 0:00:41]}  Rec7 {[%clk 0:01:15]} 27. Nxd5 {[%clk 0:00:19]}  Bxd5 {[%clk 0:01:11]} 28. Be4 {[%clk 0:00:17]}  Rxc5 {[%clk 0:00:58]} 29. dxc5 {[%clk 0:00:17]}  Rxc5 {[%clk 0:00:58]} 30. Bxd5 {[%clk 0:00:13]}  Rxd5 {[%clk 0:00:58]} 31. Qc2 {[%clk 0:00:12]}  Rxd1+ {[%clk 0:00:54]} 32. Qxd1 {[%clk 0:00:12]}  Qd5 {[%clk 0:00:54]} 33. Qc2 {[%clk 0:00:11]}  Ke7 {[%clk 0:00:51]} 34. h3 {[%clk 0:00:11]}  Qc6 {[%clk 0:00:49]} 35. Qd2 {[%clk 0:00:10]}  b6 {[%clk 0:00:45]} 36. Kh1 {[%clk 0:00:06]}  a5 {[%clk 0:00:45]} 37. Kg1 {[%clk 0:00:06]}  Qd5 {[%clk 0:00:44]} 38. Qc2 {[%clk 0:00:05]}  Qc5 {[%clk 0:00:44]} 39. Qd2 {[%clk 0:00:05]}  Qd6 {[%clk 0:00:41]} 40. Qc2 {[%clk 0:00:06]}  b5 {[%clk 0:00:40]} 41. Kh1 {[%clk 0:00:04]}  Kd7 {[%clk 0:00:38]} 42. Kg1 {[%clk 0:00:04]}  Qd5 {[%clk 0:00:37]} 43. Qe2 {[%clk 0:00:04]}  a4 {[%clk 0:00:34]} 44. bxa4 {[%clk 0:00:03]}  bxa4 {[%clk 0:00:34]} 45. a3 {[%clk 0:00:03]}  Qb3 {[%clk 0:00:26]} 46. Qd2+ {[%clk 0:00:02]}  Ke7 {[%clk 0:00:26]} 47. Qc1 {[%clk 0:00:02]}  f5 {[%clk 0:00:23]} 48. g3 {[%clk 0:00:02]}  g5 {[%clk 0:00:21]} 49. Qc5+ {[%clk 0:00:03]}  Kf7 {[%clk 0:00:19]} 50. Qc7+ {[%clk 0:00:03]}  Kg6 {[%clk 0:00:18]} 51. Qc5 {[%clk 0:00:04]}  Qd1+ {[%clk 0:00:16]} 52. Kh2 {[%clk 0:00:03]}  Qd2 {[%clk 0:00:14]} 53. Kg1 {[%clk 0:00:02]}  Qd1+ {[%clk 0:00:14]} 54. Kh2 {[%clk 0:00:01]}  Qd5 {[%clk 0:00:14]} 55. Qf8 {[%clk 0:00:01]}  Qd7 {[%clk 0:00:05]} 56. Qg8+ {[%clk 0:00:01]}  Qg7 {[%clk 0:00:04]} 57. Qxe6+ {[%clk 0:00:01]}  Qf6 {[%clk 0:00:04]} 58. Qc4 {[%clk 0:00:01]}  f4 {[%clk 0:00:01]} 59. Qxa4 {[%clk 0:00:01]}  fxg3+ {[%clk 0:00:01]} 60. Kxg3 {[%clk 0:00:01]}  Qe5+ {[%clk 0:00:00]} 61. Kg2 {[%clk 0:00:02]} 1-0